Visualizzazione normale
Vista MARC
- Harrison George
di Personal Name
Records bibliografici associati: 1
001 - CONTROL NUMBER
- control field: 23249
003 - CONTROL NUMBER IDENTIFIER
- control field: IT-RoPau
005 - DATE AND TIME OF LATEST TRANSACTION
- control field: 20140430173137.0
008 - FIXED-LENGTH DATA ELEMENTS
- fixed length control field: 140430|| aca||aabn | a|a d
040 ## - CATALOGING SOURCE
- Original cataloging agency: IT-RoPau
- Transcribing agency: IT-RoPau
100 ## - HEADING--PERSONAL NAME
- Personal name: Harrison George
- Miscellaneous information: Codice interprete SPICS: 10100
- Relator term: Interprete
670 ## - SOURCE DATA FOUND
- Source citation: Work cat.: (IT-RoPau)101674: Harrison George 2724, George Harrison